Basic epidemiology. (2nd ed.) (Record no. 30825)

MARC details
000 -LEADER
fixed length control field 00759nam a2200205 a 4500
008 - FIXED-LENGTH DATA ELEMENTS--GENERAL INFORMATION
fixed length control field 120619s2006 ||||||||||||||||| || u
020 ## - INTERNATIONAL STANDARD BOOK NUMBER
International Standard Book Number 9789241547079
050 ## - LIBRARY OF CONGRESS CALL NUMBER
Classification number RA 651 Bon (BOX 130)
100 ## - MAIN ENTRY--PERSONAL NAME
Personal name Beaglehole, R
245 10 - TITLE STATEMENT
Title Basic epidemiology. (2nd ed.)
Statement of responsibility, etc. by R. Bonita, R. Beaglehole and T. Kjellstrom
250 ## - EDITION STATEMENT
Edition statement 2nd ed.
260 ## - PUBLICATION, DISTRIBUTION, ETC.
Place of publication, distribution, etc. Geneva:
Name of publisher, distributor, etc. WHO
Date of publication, distribution, etc. 2006
300 ## - PHYSICAL DESCRIPTION
Extent xii, 213p.: ill.
500 ## - GENERAL NOTE
General note Blue Trunk Library Collection (WHO). Bibliography
650 ## - SUBJECT ADDED ENTRY--TOPICAL TERM
Topical term or geographic name entry element MANUALS
650 ## - SUBJECT ADDED ENTRY--TOPICAL TERM
Topical term or geographic name entry element EPIDEMIOLOGY
700 ## - ADDED ENTRY--PERSONAL NAME
Personal name Kjellstrom, T
700 ## - ADDED ENTRY--PERSONAL NAME
Personal name Bonita, R
995 ## -
-- MEDICAL LIBRARY OPEN ACCESS
-- 743123
-- CBU-SCHOOL OF MEDICINE LIBRARY (Ndola)
-- BTL RA 651 Bon (BOX 130)
-- 1
-- AVAILABLE
-- Jun 22, 2012
-- 743123
-- Medical Library Open Access Collection
999 ## -
-- 30825
-- 30825
Holdings
Withdrawn status Lost status Source of classification or shelving scheme Damaged status Not for loan Permanent Location Current Location Shelving location Date acquired Total Checkouts Full call number Barcode Date last seen Price effective from Koha item type
          CBU-SCHOOL OF MEDICINE LIBRARY, NDOLA. CBU-SCHOOL OF MEDICINE LIBRARY, NDOLA.   11/30/2022   RA 651 Bon (BOX 130) 743123 11/30/2022 11/30/2022 MONOGRAPH